| 000 | 00756nam a2200229 a 4500 | ||
|---|---|---|---|
| 001 | 19134 | ||
| 003 | CO-ViMGA | ||
| 008 | 141112s2004 ck r 000 u spa d | ||
| 020 | _a9701507053 | ||
| 040 |
_aCO-ViMGA _bspa _cCO-ViMGA |
||
| 082 | _a371.9 A845 | ||
| 100 | 1 |
_aAvila de Encio, Carmen; Polaino - Lorente, Aquilino _95587 |
|
| 245 | 1 | 0 |
_aNiños hiperactivos : _bcomportamiento, diagnostico, tratamiento, ayuda familiar y escolar |
| 260 |
_aMexico : _bAlfaomega; 2002 |
||
| 300 | _a126 p. | ||
| 490 | _aNarcea; 705 | ||
| 590 |
_aForma de adquisición : Proyecto 2005 - - Precio : _ 50.400 |
||
| 650 | 1 | 4 |
_aeducación DE NIÑOS HIPERACTIVOS _95588 |
| 650 | 1 | 4 |
_aNIÑOS HIPERACTIVOS _95589 |
| 650 | 1 | 4 |
_aPSICOLOGIA INFANTIL _91631 |
| 942 |
_2ddc _cBK |
||
| 999 |
_c10879 _d10879 |
||